| 000 | 01618nac a22003971i 4500 | ||
|---|---|---|---|
| 003 | EG-ScBUE | ||
| 005 | 20250323093253.0 | ||
| 008 | 160926t2007 nyua f 001 0 eng d | ||
| 020 | _a9780071470384 (pbk.) | ||
| 020 | _a0071470387 | ||
| 040 |
_aEG-ScBUE _beng _erda _cEG-ScBUE _dEG-ScBUE |
||
| 082 | 0 | 4 |
_a512.02 _bLIP _222 |
| 100 | 1 |
_92663 _aLipschutz, Seymour, _eauthor. |
|
| 245 | 1 | 0 |
_aSchaum’s outline of theory and problems of discrete mathematics / _cSeymour Lipschutz, Ph.D., Temple University, Marc Lars Lipson, Ph.D., University of Virginia. |
| 246 | 3 | 0 | _aTheory and problems of discrete mathematics |
| 246 | 3 | 0 | _aDiscrete mathematics |
| 250 | _aThird edition. | ||
| 264 | 1 |
_aNew York : _bMcGraw-Hill, _c[2007] |
|
| 264 | 4 | _cc2007 | |
| 300 |
_axi, 474 pages : _billustrations ; _c28 cm. |
||
| 336 |
_2rdacontent _atext _btxt |
||
| 337 |
_aunmediated _2rdamedia _bn |
||
| 338 |
_avolume _bnc _2rdacarrier |
||
| 490 | 0 | _aSchaum's outline series | |
| 500 | _aIncludes index. | ||
| 500 | _aIncludes Appendices. | ||
| 650 | 7 |
_aAlgebra, Abstract _xOutlines, syllabi, etc. _2BUEsh |
|
| 650 | 7 |
_aCombinatorial analysis _xOutlines, syllabi, etc. _2BUEsh |
|
| 650 | 7 |
_aLogic, Symbolic and mathematical _xOutlines, syllabi, etc. _2BUEsh |
|
| 655 | _vReading book | ||
| 700 | 1 |
_aLipson, Marc, _eauthor. |
|
| 856 | 4 | 2 |
_3Contributor biographical information _uhttp://www.loc.gov/catdir/bios/mh041/97019341.html |
| 856 | 4 | 2 |
_3Publisher description _uhttp://www.loc.gov/catdir/description/mh023/97019341.html |
| 856 | 4 | 2 |
_3Table of contents _uhttp://www.loc.gov/catdir/toc/mh022/97019341.html |
| 942 |
_2ddc _cTXT |
||
| 999 |
_c8822 _d8822 |
||